000 00260nam a2200097Ia 4500
008 230508s2002 xx 000 0 und d
041 _aeng
100 _aREDEARS DIGEST PROJECT STAFF
245 _a1001,COMPUTER HINTS &TIPS
260 _bPLANNET THREE PUBLI.
_c2002
999 _c316952
_d316952